ARRUPE JESUIT UNIVERSITY

CORONAVIRUS -STOP THE SPREAD - CLEAN,DISINFECT,COVER

The black Jacobins (Record no. 3783)

MARC details
000 -LEADER
fixed length control field 00560nam a2200169Ia 4500
003 - CONTROL NUMBER IDENTIFIER
control field 0100
008 - FIXED-LENGTH DATA ELEMENTS--GENERAL INFORMATION
fixed length control field 130227s9999 xx 000 0 und d
040 ## - CATALOGING SOURCE
Transcribing agency ARRUPELIB
050 ## - LIBRARY OF CONGRESS CALL NUMBER
Classification number F1923.T85J27
100 ## - MAIN ENTRY--PERSONAL NAME
Personal name James, C.L.R.
9 (RLIN) 7163
245 #4 - TITLE STATEMENT
Title The black Jacobins
Remainder of title toussaint l'ouverture and the san domingo revolution
Statement of responsibility, etc C.L.R. James
260 ## - PUBLICATION, DISTRIBUTION, ETC. (IMPRINT)
Place of publication, distribution, etc London
Name of publisher, distributor, etc Allison and Busby
Date of publication, distribution, etc 1938
300 ## - PHYSICAL DESCRIPTION
Extent xx, 363p. ;
Dimensions 20cm.
650 ## - SUBJECT ADDED ENTRY--TOPICAL TERM
Topical term following geographic name as entry element Educational sociology - Great Britian
9 (RLIN) 51804
650 ## - SUBJECT ADDED ENTRY--TOPICAL TERM
Location of event Education - Aims and objectives - Great Britian
942 ## - ADDED ENTRY ELEMENTS (KOHA)
Source of classification or shelving scheme Library of Congress Classification
Item type Monograph ( Printed materials)
Holdings
Withdrawn status Lost status Source of classification or shelving scheme Damaged status Not for loan Collection code Home library Current library Shelving location Date acquired Total Checkouts Full call number Barcode Date last seen Copy number Price effective from Koha item type
    Library of Congress Classification     Main Collection ARRUPE LIBRARY ARRUPE LIBRARY Main Collection 27/02/2013   F1923.T85J27 46405020 04/04/2018 1 27/02/2013 Monograph ( Printed materials)
    Library of Congress Classification     Main Collection ARRUPE LIBRARY ARRUPE LIBRARY Main Collection 24/05/2022   F1923.T85J27 46700000014 24/05/2022   24/05/2022 Monograph ( Printed materials)

 

Arrupe Library. PO Box MP320 Mt Pleasant, Harare, Zimbabwe
263 242 745411|librarian@aju.ac.zw